Теплопроводность анизотропных тел. Аналитические методы решения задач: монография

Մատենագիտական մանրամասներ
Հիմնական հեղինակ: Формалев В. Ф. Владимир Федорович
Ամփոփում:В монографии впервые систематически изложена математическая теория теплопроводности в анизотропных телах с позиций корректной постановки задач и методов их аналитического решения. Рассматриваются аналитические решения задач для тел с анизотропией как общего, так и частного вида. Для решения уравнений со смешанными производными, описывающих тепло­проводность тел с анизотропией общего вида, используются интегральные методы. Дается подробный вывод всех аналитических решений задач как в ортотропных, так и в анизотропных телах.Для инженеров и научных работников, специализирующихся в области прикладной механики, тепломассопереноса, а также для студентов старших курсов, обучающихся по дисциплинам «Уравнения математической физики», «Теория термоупругости», «Теория тепломассопереноса», и преподавателей фа­культетов «Прикладная математика» и «Прикладная механика».
Լեզու:ռուսերեն
Հրապարակվել է: Москва, Физматлит, 2015
Խորագրեր:
Ձևաչափ: Գիրք
KOHA link:https://koha.lib.tpu.ru/cgi-bin/koha/opac-detail.pl?biblionumber=290593

MARC

LEADER 00000nam0a2200000 4500
001 290593
005 20231102000313.0
010 |a 9785922115797 
035 |a (RuTPU)RU\TPU\book\315147 
090 |a 290593 
100 |a 20150407d2015 k y0rusy50 ca 
101 0 |a rus 
102 |a RU 
105 |a a z 001zy 
200 1 |a Теплопроводность анизотропных тел. Аналитические методы решения задач  |e монография  |f В. Ф. Формалев 
210 |a Москва  |c Физматлит  |d 2015 
215 |a 310 с.  |c ил. 
320 |a Библиогр.: с. 305-309. 
330 |a В монографии впервые систематически изложена математическая теория теплопроводности в анизотропных телах с позиций корректной постановки задач и методов их аналитического решения. Рассматриваются аналитические решения задач для тел с анизотропией как общего, так и частного вида. Для решения уравнений со смешанными производными, описывающих тепло­проводность тел с анизотропией общего вида, используются интегральные методы. Дается подробный вывод всех аналитических решений задач как в ортотропных, так и в анизотропных телах.Для инженеров и научных работников, специализирующихся в области прикладной механики, тепломассопереноса, а также для студентов старших курсов, обучающихся по дисциплинам «Уравнения математической физики», «Теория термоупругости», «Теория тепломассопереноса», и преподавателей фа­культетов «Прикладная математика» и «Прикладная механика». 
606 1 |a Твердые тела  |x Теплопроводность  |2 stltpush  |3 (RuTPU)RU\TPU\subj\58689  |9 76454 
610 1 |a физика 
610 1 |a теплопроводность 
610 1 |a анизотропные тела 
610 1 |a аналитические методы 
610 1 |a математические методы 
610 1 |a анизотропные среды 
610 1 |a ортотропные тела 
610 1 |a анизотропия 
610 1 |a краевые условия 
610 1 |a уравнения теплопроводности 
610 1 |a теплообмен 
610 1 |a теплофизические свойства 
610 1 |a функции комплексной переменной 
610 1 |a решение 
610 1 |a задачи 
610 1 |a монографии 
675 |a 536.21  |v 4 
700 1 |a Формалев  |b В. Ф.  |g Владимир Федорович 
801 1 |a RU  |b 63413507  |c 20150407 
801 2 |a RU  |b 63413507  |c 20150619  |g RCR 
900 |a Уравнения математической физики 
900 |a Тепломассообмен 
942 |c BK 
959 |a 36/20150407  |d 1  |e 462,00  |f ЧЗТЛ:1